<?xml version="1.0" encoding="UTF-8"?>
<record
    xmlns:xsi="http://www.w3.org/2001/XMLSchema-instance"
    xsi:schemaLocation="http://www.loc.gov/MARC21/slim http://www.loc.gov/standards/marcxml/schema/MARC21slim.xsd"
    xmlns="http://www.loc.gov/MARC21/slim">

  <leader>00812nam a22001577a 4500</leader>
  <controlfield tag="003">OSt</controlfield>
  <controlfield tag="005">20151231091635.0</controlfield>
  <controlfield tag="008">151231b        xxu||||| |||| 00| 0 eng d</controlfield>
  <datafield tag="040" ind1=" " ind2=" ">
    <subfield code="c">RUA</subfield>
  </datafield>
  <datafield tag="082" ind1=" " ind2=" ">
    <subfield code="a">LMA SAR 2007 B295 Or.1</subfield>
  </datafield>
  <datafield tag="100" ind1=" " ind2=" ">
    <subfield code="9">5825</subfield>
    <subfield code="a">SAR, BUNVET.</subfield>
  </datafield>
  <datafield tag="245" ind1=" " ind2=" ">
    <subfield code="a">study on service fees and related tax inland registration, and people participation in sangkhat teuk laak 1 phnom penh capital (&#x179F;&#x17B7;&#x1780;&#x17D2;&#x179F;&#x17B6;&#x178F;&#x17C6;&#x179B;&#x17C3;&#x179F;&#x17C1;&#x179C;&#x17B6; &#x1793;&#x17B7;&#x1784; &#x1796;&#x1793;&#x17D2;&#x1792;&#x1796;&#x17B6;&#x1780;&#x17CB;&#x1796;&#x17D0;&#x1793;&#x17D2;&#x1792;&#x1793;&#x17B9;&#x1784; &#x1780;&#x17B6;&#x179A;&#x1785;&#x17BB;&#x17C7;&#x1794;&#x1789;&#x17D2;&#x1785;&#x17C2;&#x178A;&#x17B8;&#x1792;&#x17D2;&#x179B;&#x17B8;&#x1793;&#x17B7;&#x1784;&#x1780;&#x17B6;&#x179A;&#x1785;&#x17BC;&#x179B;&#x179A;&#x17BD;&#x1798;&#x179A;&#x1794;&#x179F;&#x17CB;&#x1794;&#x17D2;&#x179A;&#x1787;&#x17B6;&#x1787;&#x1793; &#x1793;&#x17C5;&#x179F;&#x1784;&#x17D2;&#x1780;&#x17B6;&#x178F;&#x17CB;&#x1791;&#x17B9;&#x1780;&#x179B;&#x17D2;&#x17A2;&#x1780;&#x17CB; &#x17E1; &#x179A;&#x17B6;&#x1787;&#x1792;&#x17B6;&#x1793;&#x17B8;&#x1797;&#x17D2;&#x1793;&#x17C6;&#x1796;&#x17C1;&#x1789;)</subfield>
  </datafield>
  <datafield tag="260" ind1=" " ind2=" ">
    <subfield code="a">Phnom Penh</subfield>
    <subfield code="b">RUA</subfield>
    <subfield code="c">2007</subfield>
  </datafield>
  <datafield tag="300" ind1=" " ind2=" ">
    <subfield code="a">x, 49p.</subfield>
    <subfield code="b">ill.</subfield>
    <subfield code="c">29cm.</subfield>
  </datafield>
  <datafield tag="942" ind1=" " ind2=" ">
    <subfield code="2">ddc</subfield>
    <subfield code="c">LMA</subfield>
  </datafield>
  <datafield tag="999" ind1=" " ind2=" ">
    <subfield code="c">5425</subfield>
    <subfield code="d">5425</subfield>
  </datafield>
  <datafield tag="952" ind1=" " ind2=" ">
    <subfield code="0">0</subfield>
    <subfield code="1">0</subfield>
    <subfield code="2">ddc</subfield>
    <subfield code="4">0</subfield>
    <subfield code="6">LMA_SAR_2007_000000000000000_B295_OR_1</subfield>
    <subfield code="7">0</subfield>
    <subfield code="9">29206</subfield>
    <subfield code="a">LBB</subfield>
    <subfield code="b">LBB</subfield>
    <subfield code="c">B295</subfield>
    <subfield code="d">2015-12-31</subfield>
    <subfield code="o">LMA SAR 2007 B295 Or.1</subfield>
    <subfield code="p">RUA017645</subfield>
    <subfield code="r">2015-12-31</subfield>
    <subfield code="w">2015-12-31</subfield>
    <subfield code="y">LMA</subfield>
  </datafield>
  <datafield tag="952" ind1=" " ind2=" ">
    <subfield code="0">0</subfield>
    <subfield code="1">0</subfield>
    <subfield code="2">ddc</subfield>
    <subfield code="4">0</subfield>
    <subfield code="6">LMA_SAR_2007_000000000000000_B295_OR_2</subfield>
    <subfield code="7">0</subfield>
    <subfield code="9">29207</subfield>
    <subfield code="a">LBB</subfield>
    <subfield code="b">LBB</subfield>
    <subfield code="c">B295</subfield>
    <subfield code="d">2015-12-31</subfield>
    <subfield code="o">LMA SAR 2007 B295 Or.2</subfield>
    <subfield code="p">RUA017501</subfield>
    <subfield code="r">2015-12-31</subfield>
    <subfield code="w">2015-12-31</subfield>
    <subfield code="y">LMA</subfield>
  </datafield>
  <datafield tag="952" ind1=" " ind2=" ">
    <subfield code="0">0</subfield>
    <subfield code="1">0</subfield>
    <subfield code="2">ddc</subfield>
    <subfield code="4">0</subfield>
    <subfield code="6">LMA_SAR_2007_000000000000000_B295_OR_3</subfield>
    <subfield code="7">0</subfield>
    <subfield code="9">29208</subfield>
    <subfield code="a">LBB</subfield>
    <subfield code="b">LBB</subfield>
    <subfield code="c">B295</subfield>
    <subfield code="d">2015-12-31</subfield>
    <subfield code="o">LMA SAR 2007 B295 Or.3</subfield>
    <subfield code="p">RUA025167</subfield>
    <subfield code="r">2015-12-31</subfield>
    <subfield code="w">2015-12-31</subfield>
    <subfield code="y">LMA</subfield>
  </datafield>
  <datafield tag="952" ind1=" " ind2=" ">
    <subfield code="0">0</subfield>
    <subfield code="1">0</subfield>
    <subfield code="2">ddc</subfield>
    <subfield code="4">0</subfield>
    <subfield code="6">LMA_SAR_2007_000000000000000_B295_OR_4</subfield>
    <subfield code="7">0</subfield>
    <subfield code="9">29209</subfield>
    <subfield code="a">LBB</subfield>
    <subfield code="b">LBB</subfield>
    <subfield code="c">B295</subfield>
    <subfield code="d">2015-12-31</subfield>
    <subfield code="o">LMA SAR 2007 B295 Or.4</subfield>
    <subfield code="p">RUA025239</subfield>
    <subfield code="r">2015-12-31</subfield>
    <subfield code="w">2015-12-31</subfield>
    <subfield code="y">LMA</subfield>
  </datafield>
  <datafield tag="952" ind1=" " ind2=" ">
    <subfield code="0">0</subfield>
    <subfield code="1">0</subfield>
    <subfield code="2">ddc</subfield>
    <subfield code="4">0</subfield>
    <subfield code="6">LMA_SAR_2007_000000000000000_B295_OR_5</subfield>
    <subfield code="7">0</subfield>
    <subfield code="9">29210</subfield>
    <subfield code="a">LBB</subfield>
    <subfield code="b">LBB</subfield>
    <subfield code="c">B295</subfield>
    <subfield code="d">2015-12-31</subfield>
    <subfield code="o">LMA SAR 2007 B295 Or.5</subfield>
    <subfield code="p">RUA019877</subfield>
    <subfield code="r">2015-12-31</subfield>
    <subfield code="w">2015-12-31</subfield>
    <subfield code="y">LMA</subfield>
  </datafield>
</record>
